[Event "Titled Tue 20th May Early"]
[Site "chess.com INT"]
[Date "2025.05.20"]
[Round "6"]
[White "Gabrielian, Artur"]
[Black "Cunha, Lucas Aguiar"]
[Result "1-0"]
[WhiteTitle "GM"]
[BlackTitle "FM"]
[WhiteElo "2419"]
[BlackElo "2254"]
[WhiteFideId "4131002"]
[BlackFideId "2125404"]
[EventDate "2025.05.20"]

1. e4 c5 2. Nf3 Nc6 3. Bb5 g6 4. O-O Bg7 5. d3 e5 6. a3 Nge7 7. b4 d6 8. bxc5
dxc5 9. Bg5 Qd6 10. Nbd2 O-O 11. Nc4 Qe6 12. Ne3 Nd4 13. Bc4 Qd6 14. c3 Nxf3+
15. Qxf3 Be6 16. Bxe7 Qxe7 17. a4 Rad8 18. Bd5 Bc8 19. Rab1 b6 20. a5 bxa5 21.
Nc4 Qc7 22. Rb5 a4 23. Qe3 Bd7 24. Rb7 Qc8 25. Nd6 1-0

[Event "Titled Tue 20th May Early"]
[Site "chess.com INT"]
[Date "2025.05.20"]
[Round "6"]
[White "Zmijanac, Dusko"]
[Black "Sabatier, Mathis"]
[Result "1-0"]
[WhiteTitle "FM"]
[BlackTitle "CM"]
[WhiteElo "1977"]
[BlackElo "2235"]
[WhiteFideId "908762"]
[BlackFideId "26029685"]
[EventDate "2025.05.20"]

1. d4 d5 2. c4 dxc4 3. Nf3 Nf6 4. Nc3 a6 5. a4 Nc6 6. Bf4 Bf5 7. e3 Nb4 8. Rc1
Nd3+ 9. Bxd3 cxd3 10. Nh4 Bd7 11. Qxd3 e6 12. O-O Nd5 13. Bg3 Be7 14. Nf3 c6 15.
e4 Nb4 16. Qe2 h5 17. h3 h4 18. Bh2 Qa5 19. Rfd1 Qh5 20. d5 cxd5 21. exd5 O-O
22. d6 Bf6 23. Ne4 Bxa4 24. Nxf6+ gxf6 25. Rd4 Bb5 26. Qd2 Nd5 27. Rxh4 Qf5 28.
Qh6 1-0

[Event "Titled Tue 20th May Early"]
[Site "chess.com INT"]
[Date "2025.05.20"]
[Round "6"]
[White "Viskelis, Darius"]
[Black "Lloret Ramis, Juan Jose"]
[Result "1-0"]
[WhiteTitle "FM"]
[BlackTitle "FM"]
[WhiteElo "2165"]
[BlackElo "2019"]
[WhiteFideId "12800830"]
[BlackFideId "2204053"]
[EventDate "2025.05.20"]

1. e4 c5 2. Nf3 Nf6 3. e5 Nd5 4. c4 Nc7 5. Nc3 Nc6 6. g3 Ne6 7. Bg2 g6 8. O-O
Bg7 9. Re1 O-O 10. Nd5 b6 11. d3 Bb7 12. Bf4 Nxf4 13. Nxf4 Qb8 14. Qe2 e6 15. h4
d6 16. exd6 Qxd6 17. Rad1 Rad8 18. Ng5 Nd4 19. Qf1 Bxg2 20. Qxg2 f6 21. Ngxe6
Nxe6 22. Nxe6 Rfe8 23. Nxd8 Rxe1+ 24. Rxe1 Qxd8 25. Qd5+ 1-0

[Event "Titled Tue 20th May Early"]
[Site "chess.com INT"]
[Date "2025.05.20"]
[Round "6"]
[White "Liu, Casper"]
[Black "Chen, Yidong"]
[Result "1-0"]
[WhiteTitle "FM"]
[WhiteElo "2325"]
[BlackElo "2038"]
[WhiteFideId "1454153"]
[BlackFideId "8607028"]
[EventDate "2025.05.20"]

1. d4 Nf6 2. c4 g6 3. g3 c6 4. Bg2 d5 5. cxd5 cxd5 6. Nf3 Bg7 7. O-O O-O 8. Nc3
Ne4 9. Ne5 Nxc3 10. bxc3 Nc6 11. Nxc6 bxc6 12. Qa4 Bd7 13. Ba3 Re8 14. Bc5 e5
15. e3 e4 16. Rab1 Bf8 17. Bxf8 Rxf8 18. Rb7 Qc8 19. Rfb1 a5 20. c4 Be6 21. c5
h5 22. h4 Rd8 23. R1b6 Bh3 24. Qxc6 Qg4 25. Bxh3 Qxh3 26. Rxf7 Kxf7 27. Rb7+ 1-0

[Event "Titled Tue 20th May Early"]
[Site "chess.com INT"]
[Date "2025.05.20"]
[Round "6"]
[White "Mattenberger, Matthias"]
[Black "Hehir, Michael"]
[Result "1-0"]
[WhiteTitle "FM"]
[WhiteElo "2286"]
[BlackElo "2009"]
[WhiteFideId "1339958"]
[BlackFideId "2047411"]
[EventDate "2025.05.20"]

1. c4 Nf6 2. g3 g6 3. Bg2 Bg7 4. e4 d6 5. d4 O-O 6. Nc3 c5 7. d5 Nbd7 8. f4 e6
9. dxe6 fxe6 10. Qxd6 Re8 11. e5 Ng4 12. Nf3 Bf8 13. Qd3 Qa5 14. O-O Nb6 15. Ne4
Be7 16. Bd2 Qa6 17. b3 Rd8 18. Qe2 Bd7 19. Bc3 Nh6 20. Nfg5 Nf5 21. Nf6+ Kg7 22.
Rad1 Bc6 23. Nxe6+ Kf7 24. Nxd8+ Rxd8 25. e6+ 1-0

[Event "Titled Tue 20th May Early"]
[Site "chess.com INT"]
[Date "2025.05.20"]
[Round "6"]
[White "Teh, Wee Zhun"]
[Black "Novikova, Anna"]
[Result "1-0"]
[WhiteTitle "CM"]
[BlackTitle "WIM"]
[WhiteElo "2010"]
[BlackElo "2179"]
[WhiteFideId "5707277"]
[BlackFideId "4146794"]
[EventDate "2025.05.20"]

1. d4 d5 2. c4 dxc4 3. e4 e5 4. Nf3 exd4 5. Bxc4 Nc6 6. O-O Bc5 7. Ng5 Ne5 8.
Nxf7 Nxf7 9. Bxf7+ Kxf7 10. Qh5+ g6 11. Qxc5 Qe7 12. Qxd4 Nf6 13. e5 Rd8 14.
exf6 Rxd4 15. fxe7 Kxe7 16. Be3 Re4 17. Nc3 Re6 18. Nd5+ Kd6 19. Rfd1 Kc6 20.
Rac1+ Kb5 21. Nxc7+ Ka4 22. Rc4+ Ka5 23. Rd5+ b5 24. Rxb5# 1-0

[Event "Titled Tue 20th May Early"]
[Site "chess.com INT"]
[Date "2025.05.20"]
[Round "6"]
[White "Kshatriya, Nitin Vekhande"]
[Black "Wijerathna, Vinuka Dihain"]
[Result "1-0"]
[WhiteTitle "FM"]
[BlackTitle "CM"]
[WhiteElo "2255"]
[BlackElo "2063"]
[WhiteFideId "45075530"]
[BlackFideId "29981905"]
[EventDate "2025.05.20"]

1. e4 e5 2. Nf3 Nc6 3. Bc4 Bc5 4. Nc3 Nf6 5. d3 h6 6. h3 a6 7. a3 O-O 8. g4 Nh7
9. Rg1 Ng5 10. Bxg5 hxg5 11. h4 gxh4 12. g5 d6 13. Nxh4 Be6 14. Qh5 Nd4 15. Rh1
Re8 16. Nf5 1-0

[Event "Titled Tue 20th May Early"]
[Site "chess.com INT"]
[Date "2025.05.20"]
[Round "6"]
[White "Roberson, Peter T"]
[Black "Wanyama, Harold"]
[Result "1-0"]
[WhiteTitle "IM"]
[BlackTitle "FM"]
[WhiteElo "2440"]
[BlackElo "2132"]
[WhiteFideId "412384"]
[BlackFideId "10000380"]
[EventDate "2025.05.20"]

1. d4 d5 2. Nf3 e6 3. h4 Nf6 4. Bf4 Bd6 5. e3 c5 6. c3 Bxf4 7. exf4 Qb6 8. Qb3
c4 9. Qxb6 axb6 10. a3 b5 11. Nbd2 Nc6 12. Rd1 Ke7 13. g3 Ne8 14. Bh3 Nd6 15.
Ke2 Bd7 16. h5 h6 17. Ne5 Rhc8 18. Kf3 Be8 19. Rde1 Kf8 20. g4 Rc7 21. g5 Ne7
22. Nf1 Ne4 23. Ng3 hxg5 24. Nxe4 dxe4+ 25. Rxe4 f6 26. Ng6+ Nxg6 27. hxg6 Bc6
28. Bxe6 Bxe4+ 29. Kxe4 gxf4 30. Rh8+ Ke7 31. Rxa8 Kxe6 32. Ra5 f5+ 33. Kxf4 Kf6
34. Rxb5 Kxg6 35. Rxf5 Re7 36. Rg5+ Kf7 37. Re5 1-0

[Event "Titled Tue 20th May Early"]
[Site "chess.com INT"]
[Date "2025.05.20"]
[Round "6"]
[White "Eswaran, Ashritha"]
[Black "Nersisyan, Garnik"]
[Result "1-0"]
[WhiteTitle "FM"]
[BlackTitle "CM"]
[WhiteElo "2236"]
[BlackElo "2035"]
[WhiteFideId "2080788"]
[BlackFideId "13300741"]
[EventDate "2025.05.20"]

1. e4 e6 2. d4 d5 3. e5 c5 4. c3 cxd4 5. Nf3 Nc6 6. Bd3 f5 7. exf6 Nxf6 8. cxd4
Bd6 9. O-O O-O 10. Bg5 Qe8 11. Nc3 Qh5 12. Bh4 Nxd4 13. Bxh7+ Nxh7 14. Qxd4 Rf4
15. Qe3 1-0

[Event "Titled Tue 20th May Early"]
[Site "chess.com INT"]
[Date "2025.05.20"]
[Round "6"]
[White "Novosel, Lovro"]
[Black "Haug, Havard"]
[Result "0-1"]
[WhiteTitle "FM"]
[BlackTitle "FM"]
[WhiteElo "2346"]
[BlackElo "2354"]
[WhiteFideId "14547120"]
[BlackFideId "1547887"]
[EventDate "2025.05.20"]

1. d4 Nf6 2. c4 e6 3. Nf3 a6 4. Nc3 d5 5. Bg5 dxc4 6. e4 b5 7. e5 h6 8. Bh4 g5
9. Nxg5 hxg5 10. Bxg5 Nbd7 11. Qf3 Rb8 12. Ne4 Bb7 13. Nxf6+ Nxf6 14. Qxf6 Bb4+
15. Ke2 Qxd4 16. f3 Qxb2+ 17. Ke3 Bd2+ 0-1

[Event "Titled Tue 20th May Early"]
[Site "chess.com INT"]
[Date "2025.05.20"]
[Round "6"]
[White "Goncharov, Vladimir"]
[Black "Shandrygin, Nikita"]
[Result "0-1"]
[BlackTitle "FM"]
[WhiteElo "2077"]
[BlackElo "2209"]
[WhiteFideId "34162256"]
[BlackFideId "24198668"]
[EventDate "2025.05.20"]

1. d4 d5 2. c4 Nc6 3. Nf3 Bg4 4. cxd5 Bxf3 5. gxf3 Qxd5 6. e3 e5 7. Nc3 Bb4 8.
Bd2 Bxc3 9. bxc3 Nf6 10. Qb3 Qxf3 11. Rg1 Ne4 12. Rg2 Nxd2 13. Kxd2 O-O-O 14.
Rd1 exd4 15. cxd4 Nxd4 16. exd4 Rxd4+ 17. Kc1 Rxd1+ 18. Qxd1 Qa3+ 19. Kb1 Rd8
20. Qg4+ f5 21. Qxf5+ Kb8 22. Bc4 Rd1+ 23. Kc2 Rc1+ 24. Kd2 Qc3+ 25. Ke2 Re1# 0-1

[Event "Titled Tue 20th May Early"]
[Site "chess.com INT"]
[Date "2025.05.20"]
[Round "6"]
[White "Koshulyan, Egor A."]
[Black "Przybylski, Bartosz"]
[Result "0-1"]
[WhiteTitle "FM"]
[BlackTitle "CM"]
[WhiteElo "2235"]
[BlackElo "2107"]
[WhiteFideId "24237000"]
[BlackFideId "21878323"]
[EventDate "2025.05.20"]

1. e4 c5 2. Nf3 Nc6 3. d4 cxd4 4. Nxd4 Nf6 5. Nc3 e5 6. Ndb5 d6 7. Bg5 a6 8. Na3
b5 9. Bxf6 gxf6 10. Nd5 Bg7 11. c3 f5 12. exf5 Bxf5 13. Nc2 O-O 14. Nce3 Be6 15.
Bd3 f5 16. Qh5 e4 17. Be2 Ne5 18. Nf4 Bd7 19. O-O Rf6 20. Qh4 Qf8 21. Rad1 Rh6
22. Qg3 Kh8 23. f3 Bf6 24. fxe4 Bh4 25. Qh3 Bf2+ 26. Rxf2 Rxh3 27. Nxh3 Qh6 28.
Nxf5 Bxf5 29. exf5 Rg8 30. Nf4 Qg5 31. Ne6 Qe3 32. f6 Rg6 33. f7 Nxf7 34. Nf4
Rf6 35. Rd2 Qxd2 0-1

[Event "Titled Tue 20th May Early"]
[Site "chess.com INT"]
[Date "2025.05.20"]
[Round "6"]
[White "Ristic, Nebojsa M"]
[Black "Sadey, Rinoa Mariel"]
[Result "1-0"]
[WhiteTitle "IM"]
[WhiteElo "2248"]
[BlackElo "1760"]
[WhiteFideId "900850"]
[BlackFideId "5255945"]
[EventDate "2025.05.20"]

1. d4 c5 2. d5 g6 3. d6 exd6 4. Nc3 Nf6 5. Bg5 Be7 6. e4 Nc6 7. Bh6 Bf8 8. Bxf8
Kxf8 9. Qxd6+ Qe7 10. Qxe7+ Kxe7 11. O-O-O d6 12. f3 Be6 13. Nge2 g5 14. h4 h6
15. g3 Rad8 16. Bh3 g4 17. fxg4 Bxg4 18. Rd2 Bxh3 19. Rxh3 Ne5 20. Nf4 Nf3 21.
Rf2 Nd4 22. Nfd5+ Nxd5 23. Nxd5+ Ke6 24. Rf6+ Ke5 25. Rxf7 Kxe4 26. Nc3+ Ke3 27.
g4+ Nf3 28. Rhxf3+ Kd4 29. R7f4+ Ke5 30. Re4# 1-0

[Event "Titled Tue 20th May Early"]
[Site "chess.com INT"]
[Date "2025.05.20"]
[Round "6"]
[White "Moosavifar, Seyed Abolfazl"]
[Black "Chekletsov, Ilya"]
[Result "0-1"]
[WhiteTitle "FM"]
[BlackTitle "IM"]
[WhiteElo "2303"]
[BlackElo "2338"]
[WhiteFideId "42548195"]
[BlackFideId "24177156"]
[EventDate "2025.05.20"]

1. e4 c5 2. c4 e6 3. g3 Nc6 4. Bg2 g6 5. Ne2 Bg7 6. Nbc3 Nge7 7. d3 Nd4 8. Be3
d6 9. O-O O-O 10. f4 Rb8 11. a4 b6 12. h3 Bb7 13. Kh2 f5 14. g4 e5 15. fxe5 dxe5
16. Bxd4 exd4 17. Nd5 Nxd5 18. cxd5 Be5+ 19. Kg1 fxg4 20. Rxf8+ Qxf8 21. Qe1
gxh3 22. Bxh3 Qh6 23. Be6+ Kg7 24. Ng3 Qg5 25. Kg2 Rf8 26. a5 b5 27. a6 Ba8 28.
Rc1 c4 29. dxc4 d3 30. Rd1 bxc4 31. b3 d2 32. Rxd2 Bxg3 33. Qxg3 Qxd2+ 34. Kh3
Qd3 35. Qxd3 cxd3 36. Kg3 h5 0-1

[Event "Titled Tue 20th May Early"]
[Site "chess.com INT"]
[Date "2025.05.20"]
[Round "6"]
[White "Marynychenko, Yehor"]
[Black "Tsyhanchuk, Stanislav"]
[Result "1-0"]
[WhiteTitle "CM"]
[BlackTitle "IM"]
[WhiteElo "2183"]
[BlackElo "2273"]
[WhiteFideId "34160558"]
[BlackFideId "13505130"]
[EventDate "2025.05.20"]

1. e4 e5 2. Nf3 Nc6 3. Bb5 Nf6 4. O-O d6 5. d4 Bd7 6. Bxc6 Bxc6 7. d5 Bd7 8. Nc3
Be7 9. Nd2 g5 10. Qe2 h5 11. Nf3 g4 12. Ng5 Rg8 13. f4 exf4 14. Bxf4 c6 15. e5
Nxd5 16. Nxd5 dxe5 17. Nxf7 Bc5+ 18. Kh1 Qh4 19. Qxe5+ 1-0

[Event "Titled Tue 20th May Early"]
[Site "chess.com INT"]
[Date "2025.05.20"]
[Round "6"]
[White "Bahmani, Koorosh"]
[Black "Micic, Aleksa"]
[Result "0-1"]
[WhiteTitle "CM"]
[BlackTitle "FM"]
[WhiteElo "2208"]
[BlackElo "2191"]
[WhiteFideId "42576750"]
[BlackFideId "989940"]
[EventDate "2025.05.20"]

1. Nf3 Nf6 2. g3 b5 3. Bg2 Bb7 4. Na3 a6 5. c4 b4 6. Nc2 e6 7. O-O Be7 8. d4 Ne4
9. d5 exd5 10. cxd5 a5 11. Qd4 Nf6 12. e4 d6 13. Bf4 Nbd7 14. Rfe1 O-O 15. Rad1
Nh5 16. Bc1 Bf6 17. Qd2 g6 18. Ne3 Nc5 19. Nd4 Bg7 20. Nc4 Re8 21. Qc2 Nf6 0-1

[Event "Titled Tue 20th May Early"]
[Site "chess.com INT"]
[Date "2025.05.20"]
[Round "6"]
[White "Bozorov, Javohir"]
[Black "Khodabandeh, Milad"]
[Result "1-0"]
[WhiteTitle "FM"]
[BlackTitle "CM"]
[WhiteElo "2093"]
[BlackElo "1957"]
[WhiteFideId "14216957"]
[BlackFideId "12538620"]
[EventDate "2025.05.20"]

1. g4 d5 2. Bg2 Bxg4 3. c4 c6 4. Qb3 Nf6 5. Qxb7 Nbd7 6. cxd5 Rb8 7. Qxc6 Rc8 8.
h3 Bh5 9. d4 Rxc6 10. dxc6 Nb6 11. Nc3 Qxd4 12. Be3 Qc4 13. O-O-O e6 14. Rd4 Qa6
15. c7 Be7 16. Bc6+ Kf8 17. Rd8+ 1-0

[Event "Titled Tue 20th May Early"]
[Site "chess.com INT"]
[Date "2025.05.20"]
[Round "6"]
[White "Keneshbekov, Elim"]
[Black "Aghaei, Alireza"]
[Result "0-1"]
[WhiteTitle "CM"]
[BlackTitle "CM"]
[WhiteElo "1867"]
[BlackElo "2204"]
[WhiteFideId "13816772"]
[BlackFideId "12509914"]
[EventDate "2025.05.20"]

1. e4 c5 2. Nf3 d6 3. d4 cxd4 4. Nxd4 Nf6 5. Nc3 a6 6. Bg5 e6 7. f4 Be7 8. Qf3
Qc7 9. O-O-O Nbd7 10. g4 b5 11. Bxf6 Nxf6 12. g5 Nd7 13. f5 O-O 14. g6 Ne5 15.
Qg3 hxg6 16. fxe6 Bxe6 17. Nxe6 fxe6 18. Bh3 Rf6 19. Rhf1 Raf8 20. Rxf6 Rxf6 21.
Ne2 Qc4 22. Nf4 Qxa2 23. Nxe6 Nc4 0-1

[Event "Titled Tue 20th May Early"]
[Site "chess.com INT"]
[Date "2025.05.20"]
[Round "6"]
[White "Newansa, M Esandi"]
[Black "Chiang, Jacob"]
[Result "0-1"]
[WhiteTitle "WCM"]
[WhiteElo "1947"]
[BlackElo "2006"]
[WhiteFideId "9999060"]
[BlackFideId "30962331"]
[EventDate "2025.05.20"]

1. d4 Nf6 2. Bf4 e6 3. e3 c5 4. c3 Nc6 5. Nd2 d5 6. Ngf3 cxd4 7. exd4 Bd6 8. Bg5
h6 9. Bh4 O-O 10. Bd3 Bd7 11. O-O a6 12. Qe2 Rc8 13. Ne5 Be7 14. f4 Ne8 15. Bf2
Nd6 16. Bc2 f5 17. g4 Bh4 18. gxf5 Bxf2+ 19. Qxf2 Nxf5 20. Rae1 Ncxd4 21. Bd3
Nc6 22. Ng4 Qh4 23. Qg2 Kh8 24. Nf3 Qh5 25. Nge5 Be8 26. Kh1 Rf6 27. Rg1 Rc7 28.
Ng4 Rg6 29. Nfe5 Nxe5 30. Rxe5 Bc6 31. h3 d4 32. Be4 Bxe4 33. Rxe4 dxc3 34. b3
c2 35. Rc1 Rxg4 36. Qxg4 Qxg4 37. hxg4 Ng3+ 0-1

[Event "Titled Tue 20th May Early"]
[Site "chess.com INT"]
[Date "2025.05.20"]
[Round "6"]
[White "Skytte, Robert"]
[Black "Genkeswaran, Genivan"]
[Result "0-1"]
[BlackTitle "CM"]
[WhiteElo "2007"]
[BlackElo "2197"]
[WhiteFideId "1471775"]
[BlackFideId "5754496"]
[EventDate "2025.05.20"]

1. e4 e5 2. Nf3 Nc6 3. Bc4 Bc5 4. d4 exd4 5. Ng5 Nh6 6. Nxf7 Nxf7 7. Bxf7+ Kxf7
8. Qh5+ g6 9. Qxc5 d6 10. Qb5 Re8 11. O-O Rxe4 12. Qd5+ Re6 13. Re1 Qf6 14. Bg5
Qxg5 0-1

[Event "Titled Tue 20th May Early"]
[Site "chess.com INT"]
[Date "2025.05.20"]
[Round "6"]
[White "Cordeiro, Marco Aurelio Zaror"]
[Black "Leschinsky, Gary"]
[Result "0-1"]
[WhiteElo "2048"]
[BlackElo "1992"]
[WhiteFideId "2117991"]
[BlackFideId "30951321"]
[EventDate "2025.05.20"]

1. e4 c5 2. Nc3 e6 3. f4 d5 4. Nf3 dxe4 5. Nxe4 Nf6 6. Nf2 Nd5 7. g3 b6 8. Bg2
Bb7 9. O-O Nc6 10. b3 Be7 11. Bb2 O-O 12. Qe2 Bf6 13. Ne5 Rc8 14. Ne4 Nd4 15.
Bxd4 cxd4 16. c4 dxc3 17. dxc3 Bxe5 18. fxe5 Nxc3 19. Nxc3 Bxg2 20. Rfd1 Qe7 21.
Nb5 Bd5 22. Nd6 Rc5 23. Rac1 Qc7 24. Qe3 Ba8 25. Rxc5 bxc5 26. Re1 Qc6 27. Ne4
Rc8 28. h3 h6 29. g4 c4 30. bxc4 Qxc4 31. Nd6 Qd5 0-1

[Event "Titled Tue 20th May Early"]
[Site "chess.com INT"]
[Date "2025.05.20"]
[Round "6"]
[White "Gkavardinas, Antonios"]
[Black "Parfenov, Viktor N."]
[Result "1-0"]
[WhiteTitle "FM"]
[BlackTitle "CM"]
[WhiteElo "2313"]
[BlackElo "2193"]
[WhiteFideId "25883097"]
[BlackFideId "4165969"]
[EventDate "2025.05.20"]

1. e4 e5 2. Nf3 Nf6 3. Nxe5 d6 4. Nf3 Nxe4 5. Nc3 Nxc3 6. dxc3 Be7 7. Be3 O-O 8.
Qd2 Nd7 9. O-O-O Nf6 10. Bd3 c5 11. h3 Be6 12. g4 Bxa2 13. b3 a5 14. Kb2 a4 15.
Ra1 Qb6 16. Rxa2 axb3 17. cxb3 Rxa2+ 18. Kxa2 d5 19. Kb2 Ra8 20. Rb1 Qa5 21. Kc2
c4 22. Be2 Qa2+ 23. Rb2 cxb3+ 24. Kd1 Qa1+ 25. Qc1 Qxc1+ 26. Bxc1 Ra1 27. Rxb3
Ne4 28. Kc2 h6 29. Rxb7 Bf6 30. Rb8+ Kh7 31. Bd3 1-0

[Event "Titled Tue 20th May Early"]
[Site "chess.com INT"]
[Date "2025.05.20"]
[Round "6"]
[White "Bigabylov, Zhuban"]
[Black "Hambardzumian, Yuri"]
[Result "1-0"]
[WhiteTitle "FM"]
[BlackTitle "IM"]
[WhiteElo "2031"]
[BlackElo "2301"]
[WhiteFideId "13701495"]
[BlackFideId "13302795"]
[EventDate "2025.05.20"]

1. d4 d5 2. c4 dxc4 3. Nf3 Nf6 4. e3 e6 5. Bxc4 a6 6. O-O c5 7. Nc3 Nc6 8. a3
Be7 9. dxc5 Bxc5 10. b4 Bb6 11. Bb2 O-O 12. Qe2 Qe7 13. e4 e5 14. Nd5 Qd8 15.
Nxb6 Qxb6 16. Nxe5 Nxe5 17. Bxe5 Re8 18. Bxf6 Qxf6 19. f3 b5 20. Bd5 Ra7 21. Qf2
Rc7 22. Rac1 Qd6 23. Rc5 Be6 24. Rfc1 Rec8 25. Rxc7 Rxc7 26. Rxc7 Qxc7 27. Qc5
Qd8 28. Qc6 Qc8 29. Qxc8+ Bxc8 30. Kf2 Kf8 31. Ke3 f6 32. Kd4 Ke7 33. Kc5 1-0

[Event "Titled Tue 20th May Early"]
[Site "chess.com INT"]
[Date "2025.05.20"]
[Round "6"]
[White "Berezin, Viktor RUS"]
[Black "Daspres, Loic"]
[Result "0-1"]
[WhiteTitle "FM"]
[BlackTitle "CM"]
[WhiteElo "1921"]
[BlackElo "2207"]
[WhiteFideId "4128869"]
[BlackFideId "20612281"]
[EventDate "2025.05.20"]

1. e4 g6 2. d4 Bg7 3. c3 d6 4. f4 Nc6 5. Nf3 Nf6 6. Bd3 O-O 7. O-O d5 8. e5 Ne4
9. Re1 f5 10. exf6 exf6 11. Bxe4 dxe4 12. Rxe4 Bf5 13. Re1 Qd7 14. Nbd2 Kh8 15.
Nf1 Rae8 16. Bd2 Bd3 17. Ng3 Na5 18. b3 Ba6 19. c4 Nc6 20. Bc3 Ne7 21. Qd2 b6
22. d5 Nf5 23. Nd4 Nxg3 24. hxg3 Bc8 25. Ne6 Qf7 26. Nxf8 Rxf8 27. Qe3 Qd7 28.
Qe7 Qf5 29. Re4 h5 30. Rae1 Qg4 31. Kf2 Bf5 32. R4e3 Kg8 33. b4 h4 34. c5 hxg3+
35. Rxg3 Qxf4+ 36. Rf3 Qh4+ 0-1

[Event "Titled Tue 20th May Early"]
[Site "chess.com INT"]
[Date "2025.05.20"]
[Round "6"]
[White "Fiskaaen, Martin Holten"]
[Black "Shuvalov, Evgenij"]
[Result "0-1"]
[WhiteTitle "FM"]
[WhiteElo "2292"]
[BlackElo "1986"]
[WhiteFideId "1550233"]
[BlackFideId "4187237"]
[EventDate "2025.05.20"]

1. d4 Nf6 2. Nf3 g6 3. Bg5 Bg7 4. Nbd2 c5 5. c3 cxd4 6. cxd4 d5 7. e3 O-O 8. Bd3
Nc6 9. O-O Bf5 10. Bxf5 gxf5 11. Rc1 Ne4 12. Bf4 e6 13. Nb3 Qb6 14. Qe2 Rfc8 15.
Nc5 Ne7 16. Nd7 Qd8 17. Nfe5 f6 18. Nc5 Nxc5 19. dxc5 fxe5 20. Bg5 Qe8 21. b4 a6
22. f4 e4 23. g4 Kh8 24. h3 Qf7 25. Kh1 Rg8 26. Rg1 Nc6 27. a3 d4 28. exd4 Nxd4
29. Qe3 Nf3 30. Rg3 Nxg5 31. gxf5 Nf3 32. fxe6 Qf5 33. e7 Bd4 34. Rxg8+ Rxg8 35.
Qe2 Qxh3+ 0-1

[Event "Titled Tue 20th May Early"]
[Site "chess.com INT"]
[Date "2025.05.20"]
[Round "6"]
[White "Gadzhiev, Ruslan"]
[Black "Iljin, Timofey"]
[Result "1-0"]
[WhiteTitle "CM"]
[BlackTitle "IM"]
[WhiteElo "2169"]
[BlackElo "2242"]
[WhiteFideId "55671926"]
[BlackFideId "14110180"]
[EventDate "2025.05.20"]

1. e4 e6 2. d4 d5 3. Nd2 h6 4. Ngf3 Nf6 5. Bd3 c5 6. exd5 exd5 7. O-O Be7 8.
dxc5 Bxc5 9. Nb3 Bb6 10. Re1+ Be6 11. Be3 O-O 12. Bxb6 Qxb6 13. c3 Nc6 14. Qd2
Ne4 15. Qe3 Qxe3 16. Rxe3 Nd6 17. Nfd4 Nxd4 18. Nxd4 Rfe8 19. Rae1 Bd7 20. f3
Kf8 21. Kf2 Rxe3 22. Rxe3 Re8 23. b3 g6 24. Rxe8+ Kxe8 25. Ke3 Ke7 26. g4 Kf6
27. Be2 Kg5 28. f4+ Kh4 29. Nf3+ Kh3 30. Bf1+ Kxg4 31. Ne5+ Kh4 32. Nxd7 Nf5+
33. Kf3 d4 34. cxd4 Nxd4+ 35. Ke4 Nf5 36. Ne5 1-0

[Event "Titled Tue 20th May Early"]
[Site "chess.com INT"]
[Date "2025.05.20"]
[Round "6"]
[White "Piliposyan, Robert"]
[Black "Kuznetsov, Mikhail V."]
[Result "1-0"]
[WhiteTitle "IM"]
[BlackTitle "FM"]
[WhiteElo "2416"]
[BlackElo "2218"]
[WhiteFideId "13309978"]
[BlackFideId "4194900"]
[EventDate "2025.05.20"]

1. Nc3 d5 2. Nf3 Nf6 3. d4 Bg4 4. Ne5 Bh5 5. Bf4 e6 6. f3 Nbd7 7. g4 Bg6 8. h4
h5 9. g5 Nxe5 10. dxe5 Nd7 11. e3 a6 12. Bg3 c5 13. Qd2 b5 14. Ne2 Qc7 15. Nf4
Nxe5 16. O-O-O Bd6 17. Qh2 O-O-O 18. Bh3 Nxf3 19. Qf2 Be4 20. Nxd5 Qb7 21. Nc3
Bxg3 22. Qxg3 Bc6 23. Bg2 e5 24. Rhf1 e4 25. Bh3+ Bd7 26. Rxd7 Rxd7 27. Rd1 Rd8
28. Nd5 Qc6 29. Ne7+ Kb7 30. Bxd7 Qxd7 31. Rxd7+ Rxd7 32. Nf5 Kc6 33. Qf4 1-0

[Event "Titled Tue 20th May Early"]
[Site "chess.com INT"]
[Date "2025.05.20"]
[Round "6"]
[White "Harriott, Tyrell"]
[Black "Rees, Ioan"]
[Result "1-0"]
[BlackTitle "FM"]
[WhiteElo "1924"]
[BlackElo "2288"]
[WhiteFideId "2086484"]
[BlackFideId "1801236"]
[EventDate "2025.05.20"]

1. d4 Nf6 2. e3 c5 3. c3 g6 4. f4 Bg7 5. Bd3 b6 6. Nf3 Bb7 7. O-O d6 8. Nbd2 O-O
9. f5 gxf5 10. Bxf5 e6 11. Bd3 Kh8 12. Qe1 Nbd7 13. Qh4 e5 14. Ng5 h6 15. Qh3
cxd4 16. exd4 Kg8 17. Nge4 Nxe4 18. Nxe4 exd4 19. Bxh6 Ne5 20. Bxg7 Kxg7 21.
Qg3+ Ng6 22. Nxd6 Bd5 23. cxd4 Qh4 24. Nf5+ 1-0

[Event "Titled Tue 20th May Early"]
[Site "chess.com INT"]
[Date "2025.05.20"]
[Round "6"]
[White "Jahnz, Laurin"]
[Black "Yelisieiev, Yevhenii"]
[Result "0-1"]
[WhiteTitle "CM"]
[BlackTitle "IM"]
[WhiteElo "2233"]
[BlackElo "2412"]
[WhiteFideId "16261089"]
[BlackFideId "14139642"]
[EventDate "2025.05.20"]

1. e4 c5 2. Nf3 e6 3. g3 d5 4. exd5 exd5 5. d4 Nc6 6. Bg2 Nf6 7. O-O h6 8. Nc3
Be6 9. Be3 c4 10. Ne5 Bb4 11. h3 O-O 12. f4 Bxc3 13. bxc3 Bf5 14. Rb1 Qc7 15.
Kh2 Be4 16. Bc1 Bxg2 17. Kxg2 Ne4 18. Qf3 Rfe8 19. Rd1 Rab8 20. Ba3 Qa5 21. Bd6
Nxd6 22. Nd7 Rbd8 23. Nc5 Qxa2 24. Rdc1 Qa5 25. Qxd5 Qxc3 26. Nxb7 Ne4 27. Nxd8
Qxg3+ 0-1